<?xml version="1.0" encoding="UTF-8"?><?xml-stylesheet type="text/xsl" href="static/style.xsl"?><OAI-PMH xmlns="http://www.openarchives.org/OAI/2.0/" xmlns:xsi="http://www.w3.org/2001/XMLSchema-instance" xsi:schemaLocation="http://www.openarchives.org/OAI/2.0/ http://www.openarchives.org/OAI/2.0/OAI-PMH.xsd"><responseDate>2026-04-17T09:37:33Z</responseDate><request verb="GetRecord" identifier="oai:riubu.ubu.es:10259/8356" metadataPrefix="marc">https://riubu.ubu.es/oai/request</request><GetRecord><record><header><identifier>oai:riubu.ubu.es:10259/8356</identifier><datestamp>2024-01-17T10:53:10Z</datestamp><setSpec>com_10259_3847</setSpec><setSpec>com_10259_5086</setSpec><setSpec>com_10259_2604</setSpec><setSpec>col_10259_3848</setSpec></header><metadata><record xmlns="http://www.loc.gov/MARC21/slim" xmlns:doc="http://www.lyncode.com/xoai" xmlns:xsi="http://www.w3.org/2001/XMLSchema-instance" xmlns:dcterms="http://purl.org/dc/terms/" xsi:schemaLocation="http://www.loc.gov/MARC21/slim http://www.loc.gov/standards/marcxml/schema/MARC21slim.xsd">
<leader>00925njm 22002777a 4500</leader>
<datafield tag="042" ind1=" " ind2=" ">
<subfield code="a">dc</subfield>
</datafield>
<datafield tag="720" ind1=" " ind2=" ">
<subfield code="a">Cambra Baseca, Carlos</subfield>
<subfield code="e">author</subfield>
</datafield>
<datafield tag="720" ind1=" " ind2=" ">
<subfield code="a">Sendra, Sandra</subfield>
<subfield code="e">author</subfield>
</datafield>
<datafield tag="720" ind1=" " ind2=" ">
<subfield code="a">Lloret, Jaime</subfield>
<subfield code="e">author</subfield>
</datafield>
<datafield tag="720" ind1=" " ind2=" ">
<subfield code="a">Tomás, Jesús</subfield>
<subfield code="e">author</subfield>
</datafield>
<datafield tag="260" ind1=" " ind2=" ">
<subfield code="c">2019</subfield>
</datafield>
<datafield tag="520" ind1=" " ind2=" ">
<subfield code="a">New technologies have the potential to transform agriculture and to reduce environmental impact through a green revolution. Internet of Things (IoT)-based application development platforms have the potential to run farm management tools capable of monitoring real-time events when integrated into interactive innovation models for fertirrigation. Their capabilities must extend to flexible reconfiguration of programmed actions. IoT platforms require complex smart decision-making systems based on data-analysis and data mining of big data sets. In this paper, the advantages are demonstrated of a powerful tool that applies real-time decisions from data such as variable rate irrigation, and selected parameters from field and weather conditions. The field parameters, the index vegetation (estimated using aerial images), and the irrigation events, such as flow level, pressure level, and wind speed, are periodically sampled. Data is processed in a decision-making system based on learning prediction rules in conjunction with the Drools rule engine. The multimedia platform can be remotely controlled, and offers a smart farming open data network with shared restriction levels for information exchange oriented to farmers, the fertilizer provider, and agricultural technicians that should provide the farmer with added value in the form of better decision making or more efficient exploitation operations and management.</subfield>
</datafield>
<datafield tag="024" ind2=" " ind1="8">
<subfield code="a">2073-4395</subfield>
</datafield>
<datafield tag="024" ind2=" " ind1="8">
<subfield code="a">http://hdl.handle.net/10259/8356</subfield>
</datafield>
<datafield tag="024" ind2=" " ind1="8">
<subfield code="a">10.3390/agronomy9050216</subfield>
</datafield>
<datafield tag="024" ind2=" " ind1="8">
<subfield code="a">2073-4395</subfield>
</datafield>
<datafield ind1=" " ind2=" " tag="653">
<subfield code="a">Smart farming</subfield>
</datafield>
<datafield ind1=" " ind2=" " tag="653">
<subfield code="a">IoT farming</subfield>
</datafield>
<datafield ind1=" " ind2=" " tag="653">
<subfield code="a">Agriculture smart system</subfield>
</datafield>
<datafield ind1=" " ind2=" " tag="653">
<subfield code="a">WSN agriculture</subfield>
</datafield>
<datafield ind1=" " ind2=" " tag="653">
<subfield code="a">Digital farming</subfield>
</datafield>
<datafield tag="245" ind1="0" ind2="0">
<subfield code="a">A Smart Decision System for Digital Farming</subfield>
</datafield>
</record></metadata></record></GetRecord></OAI-PMH>